Przysłowia i powiedzenia ludowe ze Śląska Cieszynskiego /

Main Author: Ondrusz, Józef, 1918-1996
Language: Polish
Published: Czeski Cieszyn : SLA, 1954
Physical Description: 161 s.
Book
Saved in:
LEADER 00705nam a22002292a 4500
001 001455554
003 CZ BrMZK
005 20150821144153.0
007 ta
008 150211s1954 xr er|||||||||||pol d
015 |a cnb000510086 
035 |a (OCoLC)85316059 
040 |a ABA001  |b cze  |c CBA001  |d BOA001 
100 1 |a Ondrusz, Józef,  |d 1918-1996  |7 jk01091128  |4 aut 
245 1 0 |a Przysłowia i powiedzenia ludowe ze Śląska Cieszynskiego /  |c Józef Ondrusz 
260 |a Czeski Cieszyn :  |b SLA,  |c 1954 
300 |a 161 s. 
500 |a 3000 výt. 
910 |a BOA001  |b 2-0318.134 
990 |a BK 
991 |b 201502 
996 6 |b 2618812309  |c 2-0318.134  |l MZK  |r Sklad / do 24 hodin  |n 0  |w 001490557  |u 000010  |a 1  |e BOA001  |j MZK50  |s P